[Event "HUN-chT2 Toth 0809"]
[Site "Hungary"]
[Date "2009.02.22"]
[Round "8.12"]
[White "Jakab, Zoltan"]
[Black "Barna, Tibor"]
[Result "1-0"]
[WhiteElo "100"]
[BlackElo "100"]
[PlyCount "63"]
[EventDate "2008.10.26"]
[EventType "team-tourn"]
[EventRounds "11"]
[EventCountry "HUN"]
[SourceTitle "EXT 2010"]
[Source "ChessBase"]
[SourceDate "2010.11.25"]
[SourceVersion "1"]
[SourceVersionDate "2010.11.25"]
[SourceQuality "1"]
[WhiteTeam "Vasarhelyi"]
[BlackTeam "Roszke"]
[WhiteTeamCountry "HUN"]
[BlackTeamCountry "HUN"]

1. d4 d5 2. Nf3 Bg4 3. h3 Bxf3 4. gxf3 Nf6 5. Bf4 Nc6 6. c3 g6 7. Nd2 Bg7 8. e4 Nh5 9. Be3 e5 10. Nb3 dxe4 11. fxe4 a5 12. d5 Ne7 13. Be2 Nf6 14. Qc2 0-0 15. 0-0-0 a4 16. Nd2 c6 17. dxc6 Nxc6 18. Nc4 Qb8 19. Nb6 Ra7 20. Nd7 Nxd7 21. Bxa7 Qxa7 22. Rxd7 Qxf2 23. Rxb7 Bh6+ 24. Kb1 Rd8 25. Rd1 Rxd1+ 26. Qxd1 Qe3 27. Bf3 f5 28. a3 fxe4 29. Qd5+ Kh8 30. Qf7 Qd3+ 31. Ka2 Qd8 32. Qxh7# 1-0